000 00373nam a2200157Ia 4500
008 230711s9999||||xx |||||||||||||| ||und||
041 _aENG
082 _a658
_bVE-P
100 _aVerma,S
245 0 _aPhilosophy of management
250 _a1st
260 _c1989
_aNew Delhi
_bWiley Eastern Limited
300 _a250
650 _aUNIVESITY BUSNIESS SCHOOL
942 _cBK
999 _c2001
_d2001